বাংলাদেশের সামাজিক অগ্রগতির সমস্যা / (Record no. 47282)
[ view plain ]
| 000 -LEADER | |
|---|---|
| fixed length control field | 00863nam a22002297a 4500 |
| 001 - CONTROL NUMBER | |
| control field | 47282 |
| 003 - CONTROL NUMBER IDENTIFIER | |
| rucl marc code | BD-RjUL |
| 005 - DATE AND TIME OF LATEST TRANSACTION | |
| control field | 20211209054304.0 |
| 008 - FIXED-LENGTH DATA ELEMENTS--GENERAL INFORMATION | |
| fixed length control field | 160808s1975 bg ||||| |||| 00| 0 ben d |
| 020 ## - INTERNATIONAL STANDARD BOOK NUMBER | |
| Terms of availability | : TK 7.00 |
| 035 ## - SYSTEM CONTROL NUMBER | |
| System control number | (BD-RjUL)47401 |
| 040 ## - CATALOGING SOURCE | |
| Original cataloging agency | BD-RjUL |
| Language of cataloging | ben |
| Transcribing agency | BD-RjUL |
| 041 ## - LANGUAGE CODE | |
| Language code of text/sound track or separate title | ben |
| 082 ## - DEWEY DECIMAL CLASSIFICATION NUMBER | |
| Edition number | 23 |
| Classification number | 301.095492 |
| Author mark and year | BAN 1975 |
| 245 00 - TITLE STATEMENT | |
| Title | বাংলাদেশের সামাজিক অগ্রগতির সমস্যা / |
| 260 ## - PUBLICATION, DISTRIBUTION, ETC. (IMPRINT) | |
| Place of publication, distribution, etc. | ঢাকা : |
| Name of publisher, distributor, etc. | মুক্তধারা, |
| Date of publication, distribution, etc. | ১৯৭৫ |
| 300 ## - PHYSICAL DESCRIPTION | |
| Pagination | [১০], ১০৩ পৃ. ; |
| Size | ২১ সেমি. |
| 650 ## - SUBJECT ADDED ENTRY--TOPICAL TERM | |
| Topical term or geographic name as entry element | সমাজ |
| Geographic subdivision | বাংলাদেশ |
| 9 (RLIN) | 139788 |
| Topical term or geographic name as entry element | Sociology |
| Geographic subdivision | Bangladesh |
| 9 (RLIN) | 142689 |
| 700 ## - ADDED ENTRY--PERSONAL NAME | |
| Personal name | বাংলাদেশের লেখক শিবির সম্পাদনা পরিষদ |
| 942 ## - ADDED ENTRY ELEMENTS (KOHA) | |
| Source of classification or shelving scheme | Dewey Decimal Classification |
| Koha item type | Books |
| Lost status | Source of classification or shelving scheme | Damaged status | Not for loan | Collection code | Permanent Location | Current Location | Shelving location | Date acquired | Total Checkouts | Full call number | Date last seen | Copy number | Koha item type | Source of acquisition | Cost, normal purchase price |
|---|---|---|---|---|---|---|---|---|---|---|---|---|---|---|---|
| Dewey Decimal Classification | Non-fiction | Central Library, University of Rajshahi | Central Library, University of Rajshahi | 24/02/1976 | B 301.095492 BAN 1975 | 08/08/2016 | C-2 | Books | |||||||
| Dewey Decimal Classification | Not For Loan | Non-fiction | Central Library, University of Rajshahi | Central Library, University of Rajshahi | Reading Room | 24/02/1976 | B 301.095492 BAN 1975 | 17/01/2017 | C-1 | Books | Mukttodhara Dhaka | 7.00 |